000 01393ntm a2200253 4500
001 75671
003 BD-RjUL
005 20211209082727.0
008 190514s2016 bg ||||| |mb| 00| 0 ben d
035 _a(BD-RjUL)75889
040 _aBD-RjUL
_bben/eng
_cBD-RjUL
_dBD-RjUL
041 _aben
082 _223
_a891.439209
_bALA 2016
100 1 _aআলম, মো. রশিদুল
_9231705
245 _aআধুনিক উর্দু নাটক:
_bউদ্ভব ও বিকাশ /
_cমো. রশিদুল আলম ;
_6তত্ত্বাবধায়ক : মো. রেজাউল করিম
260 _aরাজশাহী :
_bভাষা বিভাগ, রাজশাহী বিশ্ববিদ্যালয়,
_c২০১৬
300 _ax, ২২১ পাতা :
_bচিত্র ;
_c২৯ সেমি.
502 _aথিসিস (পিএইচ. ডি.) -- ভাষা বিভাগ, রাজশাহী বিশ্ববিদ্যালয়, ২০১৬
504 _aগ্রন্থপঞ্জি: পাতা [২১৫]-২২১
650 _aউর্দু নাটক
_vইতিহাস ও সমালোচনা
_9231708
650 _aUrdu Drama
_vHistory and Criticism
_9231709
700 _aকরিম, মো. রেজাউল, তত্ত্বাবধায়ক
_9231707
942 _2ddc
_cTHE
999 _c75671
_d75671